000 00398nam a2200181Ia 4500
008 210210b1932 xxu||||| |||| 00| 0 eng d
041 _aeng
082 _a887/26
100 _aKULAKARNI
245 _aSanskrit drama and dramatists
260 _aPUna
_b-
_c1932
650 _aSanskrit
650 _adramatists
650 _adrama
650 _aand
690 _aLiterature
906 _a024624
999 _c150247
_d150247